00594 2200205 4500245007600000020001700076250001100093100001900104700001700123700002600140650001700166005001900183260003600202041001400238084001300252300003200265500007100297336000900368338001100377 aScarlet Fan b : the tale of eternal love Vol. 3cKyoko, KumagaihText a978602107729 aCet. 1 aKyoko, Kumagai aMustika Arum aChristina Hiumanbrata aKomik Jepang a20230131094309 aJakartabGramedia Pustaka Utama aIndonesia a741.5592 a... jil. :bilus. ;c17 cm. aJudul asli : Ayakashi Hisen Vol. 3Diterjemahkan dari bahasa Jepang atext avolume